Southville International School and Colleges
Your cart is empty.
  • Cart
  • Lists
    Public lists Eva Luna New books Lux_list list_1
    Your lists Log in to create your own lists
  • Log in to your account
  • Your cookies
  • Search history
Southville International School and Colleges
  • Advanced search
  • Recent comments
  • Most popular
  • Libraries

Log in to your account

Log in with GOOGLE


If you do not have an external account, but do have a local account, you can still log in:

  1. Home
  2. MARC view: A gift from Saint Francis /
Normal view MARC view ISBD view

A gift from Saint Francis / (Record no. 345437)

[ view plain ]
MARC details
000 -LEADER
fixed length control field 00735nam a2200265Ia 4500
008 - FIXED-LENGTH DATA ELEMENTS--GENERAL INFORMATION
fixed length control field 171120s9999 xx 000 0 und d
020 ## - INTERNATIONAL STANDARD BOOK NUMBER
International Standard Book Number 688065023
050 ## - LIBRARY OF CONGRESS CALL NUMBER
Classification number 246.55
050 ## - LIBRARY OF CONGRESS CALL NUMBER
Item number C689 1989
100 ## - MAIN ENTRY--PERSONAL NAME
Personal name Cole, Joanna
245 #2 - TITLE STATEMENT
Title A gift from Saint Francis /
245 ## - TITLE STATEMENT
Statement of responsibility, etc by Joanna Cole ; illustrated by Michele Lemieux.
260 ## - PUBLICATION, DISTRIBUTION, ETC. (IMPRINT)
Place of publication, distribution, etc USA :
260 ## - PUBLICATION, DISTRIBUTION, ETC. (IMPRINT)
Name of publisher, distributor, etc Morrow Junior Books,
260 ## - PUBLICATION, DISTRIBUTION, ETC. (IMPRINT)
Date of publication, distribution, etc 1989
300 ## - PHYSICAL DESCRIPTION
Extent unpaged :
300 ## - PHYSICAL DESCRIPTION
Other physical details color illustration ;
300 ## - PHYSICAL DESCRIPTION
Dimensions 25cm.
650 ## - SUBJECT ADDED ENTRY--TOPICAL TERM
Topical term or geographic name as entry element Creches (Nativity scenes) --
650 ## - SUBJECT ADDED ENTRY--TOPICAL TERM
Topical term or geographic name as entry element Francis, of Assissi, Saint, --
650 ## - SUBJECT ADDED ENTRY--TOPICAL TERM
General subdivision 1182-1226 -- Juvenile literature.
650 ## - SUBJECT ADDED ENTRY--TOPICAL TERM
General subdivision History -- Juvenile literature.
700 ## - ADDED ENTRY--PERSONAL NAME
Personal name Lemieux, Michele.
700 ## - ADDED ENTRY--PERSONAL NAME
Personal name Title.
Holdings
Withdrawn status Lost status Damaged status Home library Current library Date acquired Total Checkouts Full call number Barcode Date last seen Price effective from Koha item type
      Stonyhurst Southville International School (Malarayat) Stonyhurst Southville International School (Malarayat) 11/20/2017   REL 246.55 C689 1989 SSISM4481 11/20/2017 11/20/2017 Books

A gift from Saint Francis /

APA

Cole J., Lemieux M. & Title.A gift from Saint Francis. USA: .

Chicago

Cole Joanna, Lemieux Michele and Title.A gift from Saint Francis. USA: .

Harvard

Cole J., Lemieux M. and Title.A gift from Saint Francis. USA: .

MLA

Cole Joanna, Lemieux Michele and Title.USA: . .

  • Place hold
  • Print
  • Cite
  • Add to your cart (remove)
  • Save record
    BIBTEX Dublin Core MARCXML MARC (non-Unicode/MARC-8) MARC (Unicode/UTF-8) MARC (Unicode/UTF-8, Standard) MODS (XML) RIS
  • More searches
    Search for this title in:
    Other Libraries (WorldCat) Other Databases (Google Scholar) Online Stores (Bookfinder.com) Open Library (openlibrary.org)

Exporting to Dublin Core...

SOUTHVILLE LIBRARY

Southville International School and Colleges Library

1281 Tropical Ave. Cor. Luxembourg St., BF Homes International, Las Pinas City

Tel. No. 8256374 / 252358 Loc. 117/146

Powered by Koha